[Event "15th London Classic Open"]
[Site "London ENG"]
[Date "2025.11.29"]
[Round "4.44"]
[White "Shubin, Daniel"]
[Black "Pollack, Oscar"]
[Result "1/2-1/2"]
[WhiteTitle "CM"]
[WhiteElo "2235"]
[BlackElo "2099"]
[WhiteFideId "30936470"]
[BlackFideId "429414"]
[EventDate "2025.11.27"]

1. e4 c5 2. Nf3 d6 3. d4 cxd4 4. Nxd4 Nf6 5. Nc3 g6 6. Bc4 Bg7 7. h3 O-O 8. Bb3
a6 9. O-O b5 10. Re1 Bb7 11. Bg5 Nbd7 12. Nd5 Nc5 13. Bxf6 exf6 14. c3 Re8 15.
Qf3 Re5 16. g4 f5 17. gxf5 Qh4 18. Qg4 Qxg4+ 19. hxg4 Nxe4 20. fxg6 hxg6 21. f4
Rxd5 22. Rxe4 Rxd4 23. Rxd4 Bxd4+ 24. cxd4 Re8 25. Rc1 Re7 26. Kf2 Kg7 27. Re1
Rxe1 28. Kxe1 g5 29. f5 Bf3 30. Bd1 Bd5 31. a3 Kf6 32. b4 Ke7 33. Kf2 Kd7 34.
Ke3 Kc6 35. Bc2 Bh1 36. Be4+ Bxe4 37. Kxe4 f6 38. d5+ Kd7 1/2-1/2

[Event "15th London Classic Open"]
[Site "London ENG"]
[Date "2025.11.29"]
[Round "4.45"]
[White "Hill, Alistair"]
[Black "Sivanandan, Bodhana"]
[Result "1/2-1/2"]
[BlackTitle "WIM"]
[WhiteElo "2087"]
[BlackElo "2233"]
[WhiteFideId "432407"]
[BlackFideId "497592"]
[EventDate "2025.11.27"]

1. e4 e5 2. Nf3 Nf6 3. Nc3 Nc6 4. h3 d5 5. exd5 Nxd5 6. Bb5 Nxc3 7. bxc3 Bd6 8.
O-O O-O 9. d4 exd4 10. cxd4 h6 11. Re1 Qf6 12. Bb2 a6 13. Bd3 Bf5 14. Rb1 Bxd3
15. Qxd3 Ne7 16. c4 Qg6 17. Qc3 c6 18. Ba3 Nf5 19. Rxb7 Bxa3 20. Qxa3 Nd6 21.
Rc7 Nxc4 22. Qc5 Nd6 23. Rxc6 Rfd8 24. Rd1 Qf6 25. Qa5 Nb7 26. Qc7 Nd6 27. Qa5
Nb7 28. Qb6 Nd6 29. Ne5 Qe6 30. Qa5 Nb7 31. Rxe6 Nxa5 32. Rb6 Rd5 33. Nf3 Nc4
34. Rc6 Na3 35. Rd3 Nb5 36. a4 Nd6 37. Rc5 Rf5 38. Rb3 Rf6 39. Rb6 Ne4 40. Rcc6
a5 41. Rxf6 Nxf6 42. Nd2 Nd5 43. Rb3 Nb4 44. Rc3 Nd5 45. Rc5 Nb6 46. Nc4 Nxa4
47. Rxa5 Rxa5 48. Nxa5 Kf8 49. Kf1 Ke7 50. Ke2 Kd6 51. Kd3 Kd5 52. Nc4 Ke6 53.
Ne3 Nb6 54. Kc3 g6 55. Kb4 Nd7 56. Kc4 h5 57. d5+ Ke5 58. Kb5 Kd6 59. f4 h4 60.
Kc4 Nc5 61. Kd4 Nb3+ 62. Kd3 Nc1+ 63. Ke4 f5+ 64. Kf3 Nd3 65. g4 hxg3 66. Kxg3
Kc5 67. Ng2 Kxd5 68. Nh4 Ke6 69. Nxg6 Kf6 70. Nh4 Nc5 71. Kf3 Nd3 72. Ke3 Nc5
73. Nf3 Ne4 74. Nd4 Kg6 75. Kf3 Nf6 76. Nc2 Ne4 77. Ne3 Nf6 78. Kg2 Ne4 79. Nd5
Kf7 80. Kf3 Kg6 81. Ke3 Kf7 82. h4 Kg6 83. Kd4 Nf2 84. Ke5 Nd3+ 85. Kd4 Nf2 86.
Ne3 Kh5 87. Ke5 Nd3+ 88. Kxf5 Nxf4 89. Kxf4 Kxh4 1/2-1/2

[Event "15th London Classic Open"]
[Site "London ENG"]
[Date "2025.11.29"]
[Round "4.46"]
[White "Khoo-Thwe, Louis"]
[Black "Abhyuday, Santhosh"]
[Result "1-0"]
[WhiteTitle "CM"]
[BlackTitle "CM"]
[WhiteElo "2225"]
[BlackElo "2094"]
[WhiteFideId "1538756"]
[BlackFideId "25624849"]
[EventDate "2025.11.27"]

1. e4 c5 2. Nf3 d6 3. d4 cxd4 4. Nxd4 Nf6 5. Nc3 a6 6. h3 e5 7. Nb3 Be7 8. Be3
Be6 9. Qd2 Nbd7 10. g4 h6 11. Bg2 b5 12. Nd5 Bxd5 13. exd5 Nb6 14. Na5 Nc4 15.
Nxc4 bxc4 16. O-O O-O 17. b4 Nd7 18. a4 Bg5 19. Bxg5 Qxg5 20. Qxg5 hxg5 21. a5
Rab8 22. Rfb1 Rb5 23. c3 g6 24. Bf1 Rc8 25. Rd1 f5 26. h4 gxh4 27. gxf5 gxf5 28.
Bh3 Rf8 29. Kh2 Kg7 30. f3 Kf6 31. Ra2 Re8 32. Rg2 e4 33. f4 Ne5 34. fxe5+ Rxe5
35. Rdg1 Rexd5 36. Rg6+ Kf7 37. Bf1 Rd2+ 38. R6g2 Rxg2+ 39. Kxg2 d5 40. Kf2 Kf6
41. Ke3 Ke5 42. Rg5 Rb8 43. Bh3 Rf8 44. b5 axb5 45. a6 b4 46. a7 bxc3 47. Rxf5+
Rxf5 48. Bxf5 d4+ 49. Ke2 d3+ 50. Kd1 e3 51. a8=Q c2+ 52. Kc1 Kxf5 53. Qf3+ Kg5
54. Qxe3+ Kg4 55. Qf2 Kh3 56. Kd2 Kg4 57. Qg2+ Kf4 58. Qh3 Kg5 59. Qf3 c3+ 60.
Kc1 1-0

[Event "15th London Classic Open"]
[Site "London ENG"]
[Date "2025.11.29"]
[Round "4.47"]
[White "Varney, Zoe"]
[Black "Gallana, Marco"]
[Result "0-1"]
[WhiteTitle "WFM"]
[WhiteElo "2062"]
[BlackElo "2225"]
[WhiteFideId "436135"]
[BlackFideId "824542"]
[EventDate "2025.11.27"]

1. e4 c5 2. c3 Nf6 3. Bd3 Nc6 4. Nf3 e5 5. O-O Be7 6. Bc2 d5 7. Ba4 Bg4 8. Bxc6+
bxc6 9. Qa4 Bxf3 10. Qxc6+ Kf8 11. gxf3 Rc8 12. Qb5 Nh5 13. d3 Bg5 14. Be3 d4
15. cxd4 cxd4 16. Bxg5 Qxg5+ 17. Kh1 Nf4 18. Rg1 Qxg1+ 0-1

[Event "15th London Classic Open"]
[Site "London ENG"]
[Date "2025.11.29"]
[Round "4.48"]
[White "Han, Qixiang"]
[Black "Aditya, Kunal Patil"]
[Result "1/2-1/2"]
[BlackTitle "CM"]
[WhiteElo "2104"]
[BlackElo "2208"]
[WhiteFideId "496952"]
[BlackFideId "25656716"]
[EventDate "2025.11.27"]

1. d4 d5 2. c4 e6 3. Nf3 Nf6 4. Nc3 h6 5. e3 a6 6. b3 c5 7. cxd5 exd5 8. Bb2 Nc6
9. Be2 Bg4 10. dxc5 Bxc5 11. O-O O-O 12. h3 Bh5 13. Rc1 Qd6 14. Nd4 Bxd4 15.
Bxh5 Ba7 16. Bf3 Rfd8 17. Ne2 Ne5 18. Nd4 Rac8 19. Rxc8 Rxc8 20. Nf5 Qe6 21. Bg4
Nfxg4 22. hxg4 Kh7 23. Bd4 Bxd4 24. Qxd4 f6 25. Qf4 Nd3 26. Qd4 Qe4 27. f3 Qxd4
28. Nxd4 Rc3 29. Rd1 Nb4 30. Nf5 g6 31. Ne7 Nxa2 32. Rxd5 Rc7 33. Rd2 Rxe7 34.
Rxa2 Rxe3 35. Rb2 Kg7 36. b4 Re5 37. Rd2 Rb5 38. Rd4 Kf7 39. Kf2 Ke6 40. f4 Rd5
41. Rc4 Rd3 42. g3 Rb3 43. Rd4 b5 44. Kg2 f5 45. Kh3 Ke7 46. Kh4 fxg4 47. Kxg4
Rc3 48. Rd1 Rc4 49. Ra1 Rc6 50. Rh1 Kf6 51. Rd1 Ke7 52. Rh1 Kf6 53. Rd1 Ke6 54.
Rh1 Kf6 1/2-1/2

[Event "15th London Classic Open"]
[Site "London ENG"]
[Date "2025.11.29"]
[Round "4.49"]
[White "Li, Harry"]
[Black "Hagesather, Arne"]
[Result "1-0"]
[WhiteElo "2206"]
[BlackElo "1975"]
[WhiteFideId "430145"]
[BlackFideId "1502476"]
[EventDate "2025.11.27"]

1. e4 c6 2. d4 d5 3. e5 Bf5 4. Nf3 e6 5. Be2 Nd7 6. O-O Ne7 7. c3 a5 8. a4 Bg6
9. Na3 Nc8 10. Ne1 Ncb6 11. Nd3 Be7 12. Re1 Bg5 13. f4 Be7 14. b3 Qc7 15. Bf3
Bxd3 16. Qxd3 g6 17. Kh1 h5 18. Bd2 Nc8 19. c4 Na7 20. Rec1 Qb6 21. Nc2 Bf8 22.
Rab1 Qa6 23. Be2 Nc8 24. Ne1 Ne7 25. Nf3 Nf5 26. cxd5 Qxd3 27. Bxd3 exd5 28.
Bxf5 gxf5 29. Nh4 Bb4 30. Bxb4 axb4 31. Nxf5 O-O 32. Ng3 Rfc8 33. Nxh5 c5 34.
dxc5 Nxc5 35. Nf6+ Kg7 36. Nxd5 Nxb3 37. Rxc8 Rxc8 38. h4 Nc5 39. Rxb4 Rd8 40.
Ne3 Kg6 41. Kh2 Rd3 42. Rb6+ Kh7 43. Nf5 Ra3 44. Rf6 Rxa4 45. Rxf7+ Kg6 46. Rf6+
Kh5 47. Kh3 Ra3+ 48. g3 Ne4 49. Ng7# 1-0

[Event "15th London Classic Open"]
[Site "London ENG"]
[Date "2025.11.29"]
[Round "4.50"]
[White "Badrinath, S."]
[Black "Koster, Ramon"]
[Result "0-1"]
[WhiteTitle "CM"]
[BlackTitle "FM"]
[WhiteElo "2200"]
[BlackElo "2302"]
[WhiteFideId "5029961"]
[BlackFideId "1008544"]
[EventDate "2025.11.27"]

1. e4 c6 2. d4 d5 3. e5 c5 4. Nf3 cxd4 5. Qxd4 Nc6 6. Qf4 g6 7. Nc3 d4 8. Ne4
Bh6 9. Neg5 f6 10. exf6 exf6 11. Qe4+ Kf8 12. Ne6+ Bxe6 13. Bxh6+ Nxh6 14. Qxe6
Qa5+ 15. Kd1 Kg7 16. Qd7+ Nf7 17. Bc4 Rhf8 18. Qxb7 Rac8 19. a3 Qc5 20. Qb5 Qd6
21. Bxf7 Rxf7 22. Re1 Nd8 23. Re8 a6 24. Qe2 Rcc7 25. Qe4 Nb7 26. Nh4 Qc5 27.
Qd3 Nd6 28. Re2 Nc4 29. Rb1 Ne5 30. Qg3 d3 31. cxd3 Nxd3 32. Rd2 Rfd7 33. Nf3
Nxf2+ 34. Ke2 Ne4 35. Rxd7+ Rxd7 36. Qe1 Qc4+ 37. Ke3 Rd3+ 38. Kf4 g5+ 39. Kf5
Nd6# 0-1

[Event "15th London Classic Open"]
[Site "London ENG"]
[Date "2025.11.29"]
[Round "4.51"]
[White "Kalavannan, Koby"]
[Black "Deepak Ambattu, Rithvik"]
[Result "1-0"]
[WhiteTitle "FM"]
[BlackTitle "CM"]
[WhiteElo "2275"]
[BlackElo "2168"]
[WhiteFideId "425753"]
[BlackFideId "2410060"]
[EventDate "2025.11.27"]

1. Nf3 d5 2. e3 Nf6 3. c4 e6 4. Nc3 Be7 5. b3 O-O 6. Bb2 c5 7. cxd5 exd5 8. d4
Nc6 9. Be2 Bf5 10. dxc5 Bxc5 11. O-O Rc8 12. Rc1 Bd6 13. Nb5 Bb8 14. Nbd4 Be4
15. Qd2 Qe7 16. h3 Rfe8 17. Rfd1 h6 18. Bb5 Qd6 19. Kf1 Bg6 20. Nxc6 bxc6 21.
Ba6 Rc7 22. Qc3 c5 23. Bd3 Rec8 24. Bxg6 fxg6 25. Qd3 d4 26. exd4 cxd4 27. Rxc7
Bxc7 28. Qc4+ Kh7 29. Rxd4 Qf8 30. Rh4 Bg3 31. Ng5+ Kh8 32. Rxh6+ gxh6 33. Bxf6+
Qxf6 34. Qxc8+ Kg7 35. Qd7+ Kg8 36. Qc8+ Kg7 37. Qb7+ Kg8 38. Qa8+ Kg7 39. Qxa7+
Kg8 40. Qa8+ Kg7 41. Qb7+ Kg8 42. Qc8+ Kg7 43. Qd7+ Kg8 44. Qe8+ Kg7 45. Ne6+
Kh7 46. Nf8+ Kg7 47. Qxg6+ 1-0

[Event "15th London Classic Open"]
[Site "London ENG"]
[Date "2025.11.29"]
[Round "4.52"]
[White "Dobrosmyslov, Artem"]
[Black "Yoon, Jacob D"]
[Result "1/2-1/2"]
[WhiteTitle "FM"]
[BlackTitle "CM"]
[WhiteElo "2254"]
[BlackElo "2160"]
[WhiteFideId "24139521"]
[BlackFideId "446076"]
[EventDate "2025.11.27"]

1. e4 c5 2. Nf3 d6 3. Bb5+ Bd7 4. Bxd7+ Nxd7 5. O-O Ngf6 6. Qe2 e6 7. c3 Be7 8.
d4 O-O 9. e5 Ne8 10. Bf4 cxd4 11. cxd4 dxe5 12. dxe5 Nc7 13. Nc3 Nb6 14. Rad1
Ncd5 15. Qe4 Rc8 16. Nxd5 Nxd5 17. Rd3 Qc7 18. Bg5 h6 19. Bd2 Qc2 20. Nd4 Qxb2
21. Qg4 Kh7 22. Rg3 Rg8 23. Rd1 g5 24. Rb3 Qxa2 25. Rxb7 Rc4 26. Qe4+ Kh8 27.
Qd3 Qa4 28. Be3 Rd8 29. Rxa7 Qxa7 30. Qxc4 Nxe3 31. fxe3 Qc5 32. Qxc5 Bxc5 33.
Kf2 Rd5 34. Kf3 Rxe5 35. g4 Rd5 36. Ke4 Bxd4 37. Rxd4 Rxd4+ 38. exd4 Kg7 39. d5
exd5+ 40. Kxd5 Kf6 41. Kd6 h5 42. gxh5 g4 43. h6 Kg6 44. Ke5 Kxh6 45. Kf6 Kh5
46. Kxf7 Kh4 47. Kg6 Kh3 48. Kg5 Kxh2 49. Kxg4 1/2-1/2

[Event "15th London Classic Open"]
[Site "London ENG"]
[Date "2025.11.29"]
[Round "4.53"]
[White "Kudaibergen, Nurlykhan"]
[Black "Lau, Lut Yin Luke"]
[Result "1-0"]
[BlackTitle "CM"]
[WhiteElo "2127"]
[BlackElo "2243"]
[WhiteFideId "13724665"]
[BlackFideId "6002226"]
[EventDate "2025.11.27"]

1. e4 e5 2. Nf3 Nc6 3. Bc4 Nf6 4. d3 Bc5 5. c3 d6 6. b4 Bb6 7. a4 a5 8. b5 Ne7
9. O-O Ng6 10. Nbd2 O-O 11. d4 exd4 12. cxd4 d5 13. exd5 Nxd5 14. Qb3 Be6 15. g3
Re8 16. Re1 c6 17. Ba3 Rb8 18. h4 Nc7 19. Bc5 Bxc5 20. dxc5 b6 21. cxb6 Rxb6 22.
Bxe6 Rxe6 23. Nc4 Rb8 24. Nxa5 cxb5 25. Rxe6 bxa4 26. Qxa4 Nxe6 27. Nc6 Qc7 28.
Nxb8 Qxb8 29. Qe4 Ngf8 30. Ra8 Qb2 31. Kg2 h6 32. Ne5 Qb5 33. Ng6 Qc5 34. Rc8
Qd6 35. Nxf8 Nxf8 36. Qc4 h5 37. Rc6 Qd7 38. Qc5 Ne6 39. Rc8+ Nd8 40. Kh2 g6 41.
Ra8 Kh7 42. Qe5 f6 43. Qxf6 g5 44. Rxd8 Qh3+ 45. Kg1 1-0

[Event "15th London Classic Open"]
[Site "London ENG"]
[Date "2025.11.29"]
[Round "4.54"]
[White "Figeac, Aurelien"]
[Black "Richardson, John R"]
[Result "1/2-1/2"]
[BlackTitle "FM"]
[WhiteElo "2121"]
[BlackElo "2224"]
[WhiteFideId "616818"]
[BlackFideId "401617"]
[EventDate "2025.11.27"]

1. e4 c5 2. Nc3 Nc6 3. Bb5 Nd4 4. Nf3 a6 5. Bd3 g6 6. Nxd4 cxd4 7. Ne2 Bg7 8. c3
dxc3 9. dxc3 d6 10. Be3 Nf6 11. f3 O-O 12. O-O Nd7 13. Nf4 b5 14. Be2 Rb8 15.
Qd2 Nb6 16. Rab1 Bd7 17. Nd5 Nxd5 18. exd5 Qa5 19. a3 Qa4 20. Bd1 Qh4 21. Bg5
Qc4 22. Bxe7 Qc5+ 23. Qf2 Rfc8 24. Qxc5 dxc5 25. Bc2 c4 26. Rfe1 Re8 27. Bh4 f5
28. f4 Bf8 29. Bf2 a5 30. Kf1 b4 31. axb4 axb4 32. cxb4 Rxb4 33. Rxe8 Bxe8 34.
Bd4 Bf7 35. Bc3 Rb5 36. Rd1 1/2-1/2

[Event "15th London Classic Open"]
[Site "London ENG"]
[Date "2025.11.29"]
[Round "4.55"]
[White "Hariharan, Shambavi"]
[Black "Kovalskyi, Roman"]
[Result "0-1"]
[WhiteTitle "WFM"]
[WhiteElo "1988"]
[BlackElo "2208"]
[WhiteFideId "488160"]
[BlackFideId "14184214"]
[EventDate "2025.11.27"]

1. d4 d5 2. c4 e6 3. Nc3 Nf6 4. cxd5 exd5 5. Bg5 c6 6. e3 Be6 7. Bd3 Nbd7 8.
Nge2 h6 9. Bh4 g5 10. Bg3 Nh5 11. Qc2 Nxg3 12. Nxg3 h5 13. h3 Qf6 14. Nge2 O-O-O
15. f3 Kb8 16. e4 Bh6 17. e5 Qe7 18. O-O-O c5 19. Rde1 Rc8 20. Kb1 Bg7 21. Nb5
cxd4 22. Qa4 a6 23. Nd6 Rc7 24. Nxd4 Bxe5 25. N6f5 Qf6 26. Qb4 Rc4 27. Bxc4
Bxf5+ 28. Ka1 dxc4 29. Nxf5 Qxf5 30. Qxc4 Rc8 31. Qb4 Rc2 32. Rb1 Nc5 33. g4 Qf6
34. Rhd1 Na4 35. Rd8+ Qxd8 36. Qxa4 Bxb2+ 37. Rxb2 Rc1+ 38. Rb1 Qf6+ 39. Qd4
Qxd4# 0-1

[Event "15th London Classic Open"]
[Site "London ENG"]
[Date "2025.11.29"]
[Round "4.56"]
[White "Hng, Mei-En Emmanuelle"]
[Black "O'cuilleanain, Oisin"]
[Result "0-1"]
[WhiteTitle "WFM"]
[WhiteElo "2125"]
[BlackElo "2170"]
[WhiteFideId "5804566"]
[BlackFideId "2514249"]
[EventDate "2025.11.27"]

1. e4 c5 2. d4 cxd4 3. c3 Nf6 4. e5 Nd5 5. Qxd4 e6 6. Bd3 Nc6 7. Qe4 d6 8. exd6
Bxd6 9. Nf3 f5 10. Qe2 O-O 11. O-O Kh8 12. Rd1 Qc7 13. Bc2 Bd7 14. g3 Nf6 15.
Nbd2 b5 16. a4 a6 17. axb5 axb5 18. Rxa8 Rxa8 19. Nb3 e5 20. Nh4 f4 21. Nf5 Bf8
22. gxf4 e4 23. Ng3 Bg4 24. Qxb5 Nb4 25. Bd2 Nxc2 26. Rc1 Rb8 27. Qa5 Qxa5 28.
Nxa5 Rxb2 29. Nc4 Ra2 30. Ne3 Nd4 31. cxd4 Rxd2 32. Nxg4 Nxg4 33. Rc8 Kg8 34.
Nxe4 Rxd4 35. f3 h6 36. f5 Nf6 37. Ng3 Kf7 38. Kf2 Rd2+ 39. Ne2 Nd5 40. Ke1 Bb4
41. Rb8 Rb2+ 0-1

[Event "15th London Classic Open"]
[Site "London ENG"]
[Date "2025.11.29"]
[Round "4.57"]
[White "Smith, Andrew Philip"]
[Black "Khachatouri, Saro"]
[Result "1/2-1/2"]
[WhiteTitle "FM"]
[WhiteElo "2145"]
[BlackElo "2100"]
[WhiteFideId "2500833"]
[BlackFideId "1638076"]
[EventDate "2025.11.27"]

1. e4 d6 2. d4 Nf6 3. Nc3 e5 4. Nf3 Nbd7 5. Rg1 Be7 6. g4 h6 7. Be3 exd4 8. Nxd4
Ne5 9. Be2 d5 10. exd5 Nxd5 11. Nxd5 Qxd5 12. Nb5 Nf3+ 13. Bxf3 Qxb5 14. Qd4 Bf6
15. Qe4+ Kf8 16. a4 Qe5 17. Qxe5 Bxe5 18. O-O-O Be6 1/2-1/2

[Event "15th London Classic Open"]
[Site "London ENG"]
[Date "2025.11.30"]
[Round "5.1"]
[White "Fodor, Tamas Jr."]
[Black "Praggnanandhaa, R"]
[Result "1/2-1/2"]
[WhiteTitle "GM"]
[BlackTitle "GM"]
[WhiteElo "2508"]
[BlackElo "2768"]
[WhiteFideId "723762"]
[BlackFideId "25059530"]
[EventDate "2025.11.27"]

1. d4 Nf6 2. c4 e6 3. Nc3 d5 4. cxd5 exd5 5. Bg5 c6 6. e3 Bd6 7. Bd3 O-O 8. Nf3
Re8 9. O-O Bg4 10. h3 Bh5 11. e4 dxe4 12. Nxe4 Be7 13. Ng3 Bg6 14. Bc4 Nbd7 15.
Re1 Qc7 16. Ne5 Nb6 17. Bb3 Bb4 18. Bd2 Bd6 19. f4 Nbd5 20. Qf3 h6 21. Re2 Bh7 1/2-1/2

[Event "15th London Classic Open"]
[Site "London ENG"]
[Date "2025.11.30"]
[Round "5.2"]
[White "Ivic, Velimir"]
[Black "Sanal, Vahap"]
[Result "1/2-1/2"]
[WhiteTitle "GM"]
[BlackTitle "GM"]
[WhiteElo "2618"]
[BlackElo "2546"]
[WhiteFideId "950122"]
[BlackFideId "6300545"]
[EventDate "2025.11.27"]

1. d4 Nf6 2. c4 e6 3. Nc3 d5 4. cxd5 exd5 5. Bg5 Bb4 6. e3 h6 7. Bh4 g5 8. Bg3
h5 9. Qb3 Nc6 10. Bb5 Bd7 11. Bxc6 Bxc3+ 12. Qxc3 Bxc6 13. Qa5 Qe7 14. Ne2 Ne4
15. Qxc7 Qb4+ 16. Nc3 Nxc3 17. Qe5+ Kd7 18. Qc7+ Ke8 19. Qe5+ 1/2-1/2

[Event "15th London Classic Open"]
[Site "London ENG"]
[Date "2025.11.30"]
[Round "5.3"]
[White "Pranav, Anand"]
[Black "Yuffa, Daniil"]
[Result "1-0"]
[WhiteTitle "GM"]
[BlackTitle "GM"]
[WhiteElo "2581"]
[BlackElo "2618"]
[WhiteFideId "46626786"]
[BlackFideId "24131423"]
[EventDate "2025.11.27"]

1. e4 e5 2. Nf3 Nc6 3. Bb5 a6 4. Ba4 Nf6 5. O-O Be7 6. d3 d6 7. c3 O-O 8. Re1
Re8 9. h3 Bf8 10. Bg5 h6 11. Bh4 g6 12. Nbd2 Bg7 13. d4 Bd7 14. Rc1 Qc8 15. d5
Nb8 16. c4 Bxa4 17. Qxa4 Nbd7 18. Bxf6 Bxf6 19. Rc3 a5 20. Qc2 c6 21. Rd1 Qb8
22. b3 Bd8 23. a3 Bb6 24. dxc6 bxc6 25. b4 axb4 26. axb4 Bd4 27. Rb3 Qa7 28.
Nxd4 exd4 29. b5 c5 30. Rdb1 Nb6 31. Qd3 Qe7 32. Ra3 Rxa3 33. Qxa3 Ra8 34. Qd3
Ra2 35. Re1 Qe6 36. f4 d5 37. f5 Qe5 38. fxg6 Qg5 39. gxf7+ Kf8 40. exd5 Qxd2
41. Qf1 Ra8 42. Re6 Qg5 43. Rxb6 d3 44. Re6 d2 45. b6 1-0

[Event "15th London Classic Open"]
[Site "London ENG"]
[Date "2025.11.30"]
[Round "5.4"]
[White "Iniyan, Pa"]
[Black "Willow, Jonah B"]
[Result "1-0"]
[WhiteTitle "GM"]
[BlackTitle "IM"]
[WhiteElo "2601"]
[BlackElo "2472"]
[WhiteFideId "25002767"]
[BlackFideId "438804"]
[EventDate "2025.11.27"]

1. d4 Nf6 2. c4 g6 3. Nc3 d5 4. Nf3 Bg7 5. Qb3 c5 6. cxd5 cxd4 7. Nxd4 Nxd5 8.
Nxd5 Bxd4 9. g3 Nc6 10. Bg2 O-O 11. O-O Bg7 12. Bg5 h6 13. Be3 e6 14. Nc3 Nd4
15. Bxd4 Qxd4 16. Rfd1 Qb6 17. Qxb6 axb6 18. a3 Bxc3 19. bxc3 e5 20. Rd6 Ra6 21.
e3 Be6 22. Bxb7 Ra7 23. Be4 Rc8 24. Rxb6 Rxc3 25. a4 Rc4 26. Bc6 Bh3 27. Bb5 Rb4
28. Ra6 Rb7 29. Rd6 Rb2 30. Rdd1 Rc7 31. Rdb1 Rd2 32. a5 Bf5 33. Rd1 Rxd1+ 34.
Rxd1 Rc5 35. Rd8+ Kg7 36. Rb8 Be4 37. f4 Rc1+ 38. Kf2 Rc2+ 39. Ke1 exf4 40. exf4
Rxh2 41. Re8 f5 42. a6 Rh1+ 43. Kd2 Ra1 44. Re7+ Kf6 45. Rh7 Bd5 46. Kc3 Ra3+
47. Kb4 Rxg3 48. a7 Bg2 49. Rc7 1-0

[Event "15th London Classic Open"]
[Site "London ENG"]
[Date "2025.11.30"]
[Round "5.5"]
[White "Royal, Shreyas"]
[Black "Jumabayev, Rinat"]
[Result "1/2-1/2"]
[WhiteTitle "GM"]
[BlackTitle "GM"]
[WhiteElo "2495"]
[BlackElo "2560"]
[WhiteFideId "448869"]
[BlackFideId "13702661"]
[EventDate "2025.11.27"]

1. d4 Nf6 2. c4 g6 3. Nc3 Bg7 4. e4 d6 5. Be2 Na6 6. h4 e5 7. d5 Nc5 8. Qc2 a5
9. h5 Bd7 10. hxg6 hxg6 11. Rxh8+ Bxh8 12. Bg5 c6 13. Nf3 cxd5 14. cxd5 Rc8 15.
Nd2 Bg7 16. a4 Ke7 17. f4 Qh8 18. Nc4 Bh6 19. Nxd6 Kxd6 20. fxe5+ Kxe5 21. Qd2
Bxg5 22. Qxg5+ Kd6 23. e5+ Kc7 24. d6+ Kb8 25. Qxf6 Qh1+ 26. Bf1 Qg1 27. Rd1 Re8
28. Qf4 f6 29. Ne2 g5 30. Qg3 Qh1 31. Rd5 Rxe5 32. Rxe5 fxe5 33. Qxg5 Qh8 34.
Nc3 Bc6 35. Bb5 Bd7 36. Qe7 Bxb5 37. Qc7+ Ka8 38. Qxa5+ Ba6 39. Qxc5 Qh1+ 40.
Kd2 Qxg2+ 41. Kc1 Bd3 42. Nd5 Bf5 43. b3 Qa2 44. Qc3 Qa3+ 45. Qb2 Qxd6 46. Ne3
Be6 47. Nc4 Bxc4 48. bxc4 Qd3 49. Qb5 e4 50. Qd5 Qa3+ 1/2-1/2

[Event "15th London Classic Open"]
[Site "London ENG"]
[Date "2025.11.30"]
[Round "5.6"]
[White "Travadon, Loic"]
[Black "Smirin, Ilia"]
[Result "0-1"]
[WhiteTitle "IM"]
[BlackTitle "GM"]
[WhiteElo "2492"]
[BlackElo "2554"]
[WhiteFideId "26092131"]
[BlackFideId "2801990"]
[EventDate "2025.11.27"]

1. e4 c5 2. Nf3 Nc6 3. Bb5 e5 4. O-O Bd6 5. d4 Nxd4 6. Bc4 h6 7. Nxd4 cxd4 8. c3
Bc5 9. cxd4 Bxd4 10. Qb3 Qe7 11. Nc3 Nf6 12. Be3 Bxc3 13. Qxc3 Nxe4 14. Qd3 Nf6
15. Rac1 b6 16. Bb3 Bb7 17. Rc7 Be4 18. Qa6 O-O 19. f3 Nd5 20. Bxd5 Bxd5 21. Qb5
Bxa2 22. Qxd7 Qxd7 23. Rxd7 Be6 24. Rc7 Rfc8 25. Rfc1 Rxc7 26. Rxc7 Rd8 27. Kf2
Rd1 28. Ke2 Ra1 29. Bd2 b5 30. Rc1 Ra2 31. Bc3 f6 32. Kd3 a5 33. Kc2 b4 0-1

[Event "15th London Classic Open"]
[Site "London ENG"]
[Date "2025.11.30"]
[Round "5.7"]
[White "Kazarian, Anna-Maja"]
[Black "Wang, Hao(ZJ)"]
[Result "1-0"]
[WhiteTitle "FM"]
[BlackTitle "IM"]
[WhiteElo "2224"]
[BlackElo "2424"]
[WhiteFideId "1033689"]
[BlackFideId "8631859"]
[EventDate "2025.11.27"]

1. d4 Nf6 2. Bg5 g6 3. Nd2 d5 4. e3 Bg7 5. Bd3 c5 6. c3 Nc6 7. Ngf3 O-O 8. O-O
Qb6 9. Qb3 c4 10. Qxb6 axb6 11. Bc2 Bf5 12. Bxf5 gxf5 13. Ne5 Rfd8 14. f4 Nd7
15. Bh4 f6 16. Nxd7 Rxd7 17. h3 h5 18. b3 b5 19. a4 b4 20. cxb4 c3 21. Nb1 Nxb4
22. Nxc3 Nc2 23. Rac1 Nxe3 24. Rf3 e5 25. Ne2 exf4 26. Nxf4 Bh6 27. g3 Re7 28.
Kf2 Rae8 29. Bxf6 Rf7 30. Be5 Ng4+ 31. hxg4 fxg4 32. Rfc3 h4 33. Rc8 1-0

[Event "15th London Classic Open"]
[Site "London ENG"]
[Date "2025.11.30"]
[Round "5.8"]
[White "Gavrilescu, David"]
[Black "Gordon, Stephen J"]
[Result "1-0"]
[WhiteTitle "GM"]
[BlackTitle "GM"]
[WhiteElo "2542"]
[BlackElo "2465"]
[WhiteFideId "1227190"]
[BlackFideId "411477"]
[EventDate "2025.11.27"]

1. e4 c5 2. Nf3 d6 3. d4 cxd4 4. Nxd4 Nf6 5. Nc3 a6 6. Be3 e5 7. Nb3 Be7 8. Rg1
h5 9. h3 Be6 10. Qf3 h4 11. O-O-O Nbd7 12. Nd5 Bxd5 13. exd5 Nh7 14. g3 g6 15.
Bd3 Bg5 16. gxh4 Bxe3+ 17. Qxe3 Nhf8 18. f4 Rxh4 19. Rde1 f5 20. Nd2 Qf6 21.
fxe5 Nxe5 22. Nc4 Nd7 23. Qg3 Rh6 24. Qe3 Rh4 25. Qf2 Rh8 26. Nxe5 dxe5 27. d6
Qxd6 28. Rd1 Qc5 29. Qf1 e4 30. Rxg6 exd3 31. Rxd3 Nf8 32. Rf6 Rh7 33. Qe2+ Qe7
34. Re3 1-0

[Event "15th London Classic Open"]
[Site "London ENG"]
[Date "2025.11.30"]
[Round "5.9"]
[White "Wadsworth, Matthew J"]
[Black "Cornette, Matthieu"]
[Result "1/2-1/2"]
[WhiteTitle "GM"]
[BlackTitle "GM"]
[WhiteElo "2487"]
[BlackElo "2517"]
[WhiteFideId "415804"]
[BlackFideId "620084"]
[EventDate "2025.11.27"]

1. c4 e6 2. g3 d5 3. Bg2 Nf6 4. Nf3 Bd6 5. d4 O-O 6. O-O Nbd7 7. Nbd2 b6 8. e4
dxe4 9. Ng5 Bb7 10. Ndxe4 Qc8 11. b3 h6 12. Nxd6 cxd6 13. Nf3 d5 14. Ba3 Rd8 15.
Rc1 dxc4 16. bxc4 Be4 17. Qe2 Qa6 1/2-1/2